000 00537nam a2200229Ia 4500
008 210210b1958 xxu||||| |||| 00| 0 eng d
041 _aeng
082 _a519/1
100 _aAYRES (Frank)
245 _aTheory and problems of first year college mathematics
260 _aNew York
_bSchaum Publishing Co
_c1958
650 _ayear
650 _aTheory
650 _aproblems
650 _aof
650 _amathematics
650 _afirst
650 _acollege
650 _aand
690 _aMathematics
906 _a007862
999 _c140721
_d140721